书目信息 |
| 题名: |
民间金融
|
|
| 作者: | 诸葛隽 著 | |
| 分册: | ||
| 出版信息: | 北京 中国经济出版社 2007.08 |
|
| 页数: | 281页 | |
| 开本: | 21cm | |
| 丛书名: | ||
| 单 册: | ||
| 中图分类: | F832.755 | |
| 科图分类: | ||
| 主题词: | 民间经济团体--min jian jing ji tuan ti--金融机构--研究--温州市 | |
| 电子资源: | ||
| ISBN: | 978-7-5017-8022-8 | |
| 000 | 00846nam0 2200241 450 | |
| 001 | 012008247996 | |
| 005 | 20080419120152.27 | |
| 010 | @a978-7-5017-8022-8@dCNY26.00 | |
| 100 | @a20080419d2007 em y0chiy0120 ea | |
| 101 | 0 | @achi |
| 102 | @aCN@b110000 | |
| 105 | @ay z 000yy | |
| 106 | @ar | |
| 200 | 1 | @a民间金融@Amin jian jin rong@e基于温州的探索@f诸葛隽著@Fzhu ge juan zhu |
| 210 | @a北京@c中国经济出版社@d2007.08 | |
| 215 | @a281页@d21cm | |
| 330 | @a本书通过研究温州民间金融市场现状,详细分析温州民间金融的产生和发展,将温州民间金融视为中国融资制度的一次创新。 | |
| 517 | 1 | @a基于温州的探索@Aji yu wen zhou de tan suo |
| 606 | 0 | @a民间经济团体@Amin jian jing ji tuan ti@x金融机构@x研究@y温州市 |
| 690 | @aF832.755@v4 | |
| 701 | 0 | @a诸葛隽@Azhu ge juan@4著 |
| 801 | 0 | @aCN@bQSSK@c20080419 |
| 905 | @b294551-53@dF832.755@eZ904@f3 | |
| 民间金融:基于温州的探索/诸葛隽著.-北京:中国经济出版社,2007.08 |
| 281页;21cm |
| ISBN 978-7-5017-8022-8:CNY26.00 |
| 本书通过研究温州民间金融市场现状,详细分析温州民间金融的产生和发展,将温州民间金融视为中国融资制度的一次创新。 |
| ● |
| 相关链接 |
|
|
|
正题名:民间金融
索取号:F832.755/Z904
 
预约/预借
| 序号 | 登录号 | 条形码 | 馆藏地/架位号 | 状态 | 备注 |
| 1 | 294551 | 202945518 | 社科库409/409社科库 54排6列4层/ [索取号:F832.755/Z904] | 在馆 | |
| 2 | 294552 | 202945527 | 社科库409/409社科库 54排6列2层/ [索取号:F832.755/Z904] | 在馆 | |
| 3 | 294553 | 202945536 | 社科库409/409社科库 54排6列4层/ [索取号:F832.755/Z904] | 在馆 |